000
00216nam a22000977a 4500
999
_c
16179
_d
16179
003
OSt
008
200616b ||||| |||| 00| 0 eng d
100
_a
Bertrand Russell
_9
4598
245
_a
Sceptical Essays
942
_c
BK